<The> Economic History Review

Guardado en:
Detalles Bibliográficos
Formato: Seriadas
Lenguaje:inglés
Publicado: Oxford Blackwell Publ. 1990
Materias:
Etiquetas: Agregar Etiqueta
Sin Etiquetas, Sea el primero en etiquetar este registro!

MARC

LEADER 00000nas2a2200000 4500
001 s016234
005 20240109091346.0
022 |a 0013-0117 
041 0 |a eng 
044 |a GB 
245 1 0 |a <The> Economic History Review 
264 1 |a Oxford  |b Blackwell Publ.  |c 1990 
300 |a 1 zv. 
773 0 |w eu_un_cat*s120439 
610 2 0 |a ekonómia 
610 2 0 |a dejiny hospodárske